000 00653nam a22001697a 4500
020 _qHard Cover.
082 _a200
100 _aSakrani, Hira
245 _aNew Product Development and Customer Knowledge Management in Pakistan - An exploratory study of processes and activities /
_cHira Sakrani.
260 _aKarachi :
_bPNEC - NUST,
_c2010.
300 _axiv, 264 p. : ill. ;
_c30cm.
650 _a MS-Industrial & Manufacturing Engineering
_9127273
700 _aSupervisor: Dr. Usama Umer
_9128803
856 _u http://10.250.8.41:8080/xmlui/handle/123456789/22252
942 _2ddc
_cSC
999 _c535426
_d535426